| 000 | 00441nam a22001817a 4500 | ||
|---|---|---|---|
| 003 | MPLRDC | ||
| 005 | 20220104124653.0 | ||
| 008 | 210129b ||||| |||| 00| 0 eng d | ||
| 020 | _a7-80656-775-5 | ||
| 082 | _a784.38 RAB | ||
| 100 | _a黄慧英 | ||
| 245 |
_a拉贝传 _c |
||
| 250 | _a一版一刷 | ||
| 260 |
_a中国 _b百家出版社 _c2002 |
||
| 300 | _b367 | ||
| 650 | _a德国人物传记--JOHN RABE | ||
| 942 |
_cBK _o784.38 RAB |
||
| 999 |
_c21199 _d21189 |
||